Cultivos herbaceos extensivos

Guardat en:
Dades bibliogràfiques
Autor principal: Guerrero García, Andrés (Autor)
Format: Llibre
Idioma:espanyol
Publicat: Madrid Mundi-Prensa 1992
Edició:5a. ed
Matèries:
Etiquetes: Afegir etiqueta
Sense etiquetes, Sigues el primer a etiquetar aquest registre!

MARC

LEADER 00000cam a2200000 a 4500
001 UCC3086
003 CL-VaPUC
008 180413e19920000sp |||||||||||||||||spa|d
020 |a 8471143852 
082 0 4 |a 633  |b GUE  |2 21 
100 |a Guerrero García, Andrés  |e author  |9 301608 
245 1 0 |a Cultivos herbaceos extensivos 
250 |a 5a. ed 
300 |a 779 p 
942 |c BK 
945 |d 20180413 15:45:00  |a arojas 
260 |a Madrid  |b Mundi-Prensa  |c 1992 
650 0 |a Agricultura  |9 255598 
650 0 |a Trigo  |9 329002 
650 7 |a CEBADA  |2 CL-VaPUC  |9 366689 
650 7 |a AVENA  |2 CL-VaPUC  |9 366690 
650 7 |a CENTENO  |2 CL-VaPUC  |9 366688 
650 0 |a Alpiste  |x Planta   |9 405817 
650 0 |a Maíz  |9 264672 
650 0 |a Arroz   |9 364842 
650 7 |a CAÑA DE AZUCAR  |2 CL-VaPUC  |9 403484 
650 0 |a Algodón   |9 359082 
650 7 |a GIRASOL  |2 CL-VaPUC  |9 417788 
650 7 |a SOYA  |2 CL-VaPUC  |9 259579 
650 7 |a GUISANTES  |2 CL-VaPUC  |9 493223 
650 7 |a CULTIVOS FORRAJEROS  |2 CL-VaPUC  |9 372485 
583 |a last modification  |c 20180413 15:45:00  |k Rodrigo Vera 
999 |c 370941  |d 370939 
952 |0 0  |1 0  |3 erd  |4 0  |6 633_000000000000000_GUE_1992  |7 0  |8 A  |9 487729  |a BIBAGR  |b BIBAGR  |i 5462118  |l 2  |m 2  |o 633 GUE 1992  |p 5462118  |r 2025-01-20  |s 2023-10-10  |w 2019-11-24  |y BK  |z Catalogado en:20180413  |k AGR